1861 1990 1277 1044 1361 1456 1638 1257 1375 1325 1381 1784 1792 1450 1263 1154 1468 1561 1766 1170 1541 1050 1794 1105 1262 1594 1606 1562 1640 1836 1767 1028 1134 1981 1195 1025 1778 1916 1383 1741 1453 1289 1711 1457 1864 1254 1282 1865 1873 1315 1997 1805 1416 1345 1742 1444 1419 1253 1585 1481 1002 1078 1017 1701 1788 1958 1357 1558 1483 1572 1989 1419 1750 1538 1383 1783 1754 1670 1803 1662 1386 1375 1382 1516 1836 1089 1104 1232 1182 1189 1790 1952 1832 1315 1993 1226 1597 1121 1533 BCNSPRNW ULIB Ver.6.0+V

เปลี่ยนเป็นภาษาไทย

Change to English
 แสดงรายละเอียดบรรณานุกรม
  กลับหน้าหลัก

Brief Record : Get Marc (ISO 2709) : E-mail record : QR code < ปิดหน้าต่าง
LEADER : 00000nam 2200000uu 4500
001    13399123248
003     ULIB
008    140801s2556||||th 000 0 tha d
060  4 ^aWY18.8^bน927 ล.2
110 1  ^aคณะอาจารย์วิทยาลัยพยาบาลและกลุ่มพัฒนาการศึกษา สถาบันพระบรมราชชนก กระทรวงสาธารณสุข
245 00 ^aแนวทางการจัดการเรียนรู้แบบบูรณาการ รายวิชา การพยาบาลบุคคลที่มีปัญหาสุขภาพ ๒/^cคณะอาจารย์วิทยาลัยพยาบาลและกลุ่มพัฒนาการศึกษา สถาบันพระบรมราชชนก กระทรวงสาธารณสุข
260    ^aนนทบุรี:^bกลุ่มพัฒนาการศึกษา สถาบันพระบรมราชชนก,^c2556
300    ^a174 หน้า:^bตาราง,^c29 ซม
650  4 ^aการจัดการเรียนการสอน
650  4 ^aการเรียนการสอนแบบบูรณาการ
650  7 ^aการพยาบาลบุคคลที่มีปัญหาทางสุขภาพ
945    ^p0^l0^i20415
945    ^p0^l0^i20416
945    ^p0^l0^i20417
999    ^aทศพร เกษรทอง
รายการนี้ยังไม่มีแท็ก
คุณยังไม่ได้ล็อกอิน คุณสามารถมีกิจกรรมร่วมกับเว็บไซต์ได้ แต่ต้องล็อกอินก่อน ::
  ล็อกอิน

รายการสื่อสารสนเทศ

ลำดับที่ ประเภท เลขเรียก/บาร์โค้ด สถานที่ สถานะ
1. Book การพยาบาล
Book การพยาบาล
สถานะ=หนังสือเก่า
WY18.8 น927 ล.2 ฉ.1 
  Barcode: 20415
ห้องสมุดวิทยาเขตนครสวรรค์
►ส่วนจัดเก็บหนังสือเก่า นว.
บนชั้น
  ขอยืม
2. Book การพยาบาล
Book การพยาบาล
สถานะ=หนังสือเก่า
WY18.8 น927 ล.2 ฉ.2 
  Barcode: 20416
ห้องสมุดวิทยาเขตนครสวรรค์
►ส่วนจัดเก็บหนังสือเก่า นว.
บนชั้น
  ขอยืม
3. Book การพยาบาล
Book การพยาบาล
สถานะ=หนังสือเก่า
WY18.8 น927 ล.2 ฉ.3 
  Barcode: 20417
ห้องสมุดวิทยาเขตนครสวรรค์
►ส่วนจัดเก็บหนังสือเก่า นว.
บนชั้น
  ขอยืม

รายการใกล้เคียง
    หัวเรื่อง [การจัดการเรียนการสอน]
    หัวเรื่อง [การเรียนการสอนแบบบูรณาการ]
    หัวเรื่อง [การพยาบาลบุคคลที่มีปัญหาทางสุขภาพ]

BibComment


ยังไม่เคยถูกคอมเมนท์

คอมเมนท์ทรัพยากรรายการนี้
  คอมเมนท์: แนวทางการจัดการเ..


 Copyright 2026. Bcnsprnw @Library